00414nam a2200193Ia 4500003000900000008004100009040001300050040001300063041000800076100001700084100000900101245004600110250001100156260001500167260000900182300001100191300001200202490000600214IT-RoPAU120407s9999 xx 000 0 und d aIT-RoPAU cIT-RoPAU aita aJoseph Aubry ccur. aDocumenti sulla vita religiosa. 1963-1985 aTorino aElle Di Ci c1987 a355 p. c18.5 cm v1